000 00414nam a2200169Ia 4500
008 180424s9999 xx 000 0 und d
084 _a332 S3
100 _a"Simpson, T D"
245 0 _a"Money, Banking and Economic Analysis"
250 _a\\197600ENGGPSX
260 _aPrentice Hall
260 _b1976
260 _cNew Jersey
300 _a493p
500 _aincludes index and biblioraphy
942 _cBK
999 _c34925
_d34925